000 00474nam a2200181Ia 4500
008 151018s9999 xx 000 0 und d
082 _bRBASDV23413
_a891.433
100 _aराणू
245 _aसिसकती धारा
250 _b1
260 _bडायमंड
300 _a205
600 _aराणू
630 _aसिसकती धारा
700 _aराणू
730 _aसिसकती धारा
942 _cBOOK
999 _c1023068
_d1023065